000
00320pab a2200145 454500
008
180718b1988 xxu||||| |||| 00| 0 eng d
100
_a
Lahiri, Apala
245
_a
Whither working women?
260
_c
1988
300
_a
14-15
362
_a
13 Nov.
650
_a
Women
773
_a
Democratic World
909
_a
20757
999
_c
20757
_d
20757